000 00779cam a2200241 a 4500
001 000003445
003 DO-SdBNP
005 20220829094713.0
007 ta
008 840208s1967 sp 001 0 spa
040 _aDO-SdBNP
_bspa
_cBNPHU
082 4 _a809.93351
_bS729p, 1967
_222
100 1 _aSouvirón, José María,
_d1904-1973
_910736
245 1 3 _aEl principe de este siglo :
_bla literatura moderna y el demonio /
_cJosé María Souvirón.
250 _a2a ed.
260 _aMadrid :
_bCultura Hispánica,
_c1967.
300 _a310 p. ;
_c21 cm.
500 _aIncluye referencias bibliográficas y notas al pie de las páginas
590 _aInventariado, 2022 / DG
650 4 _aLiteratura moderna
_xHistoria y crítica
_910738
910 _aDG
942 _2ddc
_cLBS1
999 _c3275
_d3275